Statistics for PCS Season Leaders 2020 (Cycling)

Click here to take the quiz!

General Stats

  • This quiz has been taken 44 times
  • The average score is 9 of 16

Answer Stats

DatePointsTeam - NationalityRider% Correct
08.11.-2431Team Jumbo-Visma - SloveniaPrimoz Roglic
100%
12.09.-07.11.1995UAE-Team Emirates - SloveniaTadej Pogacar
100%
27.02.-13.03.416UAE-Team Emirates - SloveniaTadej Pogacar
100%
21.01.50Deceuninck - Quick Step - IrelandSam Bennett
88%
22.01.-25.01.107Lotto Soudal - AustraliaCaleb Ewan
83%
21.06.-07.08.602BORA - hansgrohe - GermanyMaximilian Schachmann
73%
14.03.-15.03.482BORA - hansgrohe - GermanyMaximilian Schachmann
73%
08.08.-11.09.898Deceuninck - Quick Step - BelgiumRemco Evenepoel
71%
23.02.-26.02.406Deceuninck - Quick Step - BelgiumRemco Evenepoel
71%
26.01.-22.02.333Trek - Segafredo - AustraliaRichie Porte
68%
19.01.-20.01.30Thailand Continental Cycling Team - LaosAriya Phounsavath
5%
06.01.-18.01.30Thailand Continental Cycling Team - LaosAriya Phounsavath
5%
05.01.5Thailand Continental Cycling Team - LaosAriya Phounsavath
5%
04.01.5Thailand Continental Cycling Team - LaosAriya Phounsavath
5%
05.01.5HKSI Pro Cycling Team - HongkongHiu Fung Choi
2%
19.01.-20.01.30Team BridgeLane - AustraliaRylee Field
2%

Score Distribution

Percentile by Number Answered

Percent of People with Each Score

Your Score History

You have not taken this quiz